International conference on emerging economic issues in a globalizing world: proceedings, İzmir, 2008 (Record no. 79)

000 -LEADER
fixed length control field 01416nmm a2200349 a 4500
001 - CONTROL NUMBER
control field ocm000681536
003 - CONTROL NUMBER IDENTIFIER
control field TR-IsHL
005 - DATE AND TIME OF LATEST TRANSACTION
control field 20201028115121.0
008 - FIXED-LENGTH DATA ELEMENTS--GENERAL INFORMATION
fixed length control field 140217s2008 tu eng
007 - PHYSICAL DESCRIPTION FIXED FIELD--GENERAL INFORMATION
fixed length control field cr cn
020 ## - INTERNATIONAL STANDARD BOOK NUMBER
International Standard Book Number 9789758789245
035 ## - SYSTEM CONTROL NUMBER
System control number 681536
-- (N$T)
050 04 - LIBRARY OF CONGRESS CALL NUMBER
Classification number HF1418.5
Item number .I584 2008
090 04 - LOCALLY ASSIGNED LC-TYPE CALL NUMBER (OCLC); LOCAL CALL NUMBER (RLIN)
Classification number (OCLC) (R) ; Classification number, CALL (RLIN) (NR) HF1418.5
Local cutter number (OCLC) ; Book number/undivided call number, CALL (RLIN) .I584 2008
245 10 - TITLE STATEMENT
Title International conference on emerging economic issues in a globalizing world: proceedings, İzmir, 2008
Medium [electronic resource] /
Statement of responsibility, etc. ed. Mark J. Prus...[et all.]
250 ## - EDITION STATEMENT
Edition statement 1. bs.
260 ## - PUBLICATION, DISTRIBUTION, ETC.
Place of publication, distribution, etc. İzmir :
Name of publisher, distributor, etc. İzmir Ekonomi Üniversitesi,
Date of publication, distribution, etc. 2008
300 ## - PHYSICAL DESCRIPTION
Extent 296 p.
650 #4 - SUBJECT ADDED ENTRY--TOPICAL TERM
Topical term or geographic name entry element Ekonomi ve Finans
650 #4 - SUBJECT ADDED ENTRY--TOPICAL TERM
Topical term or geographic name entry element Economics and Finance
650 #0 - SUBJECT ADDED ENTRY--TOPICAL TERM
Topical term or geographic name entry element Economics
General subdivision Congresses
650 #0 - SUBJECT ADDED ENTRY--TOPICAL TERM
Topical term or geographic name entry element Ekonomi
General subdivision Kongreler
650 #0 - SUBJECT ADDED ENTRY--TOPICAL TERM
Topical term or geographic name entry element International business enterprises
General subdivision Developing countries
650 #0 - SUBJECT ADDED ENTRY--TOPICAL TERM
Topical term or geographic name entry element Uluslararası ticari teşebbüsler
General subdivision Gelişmekte olan ülkeler
650 #0 - SUBJECT ADDED ENTRY--TOPICAL TERM
Topical term or geographic name entry element Globalization
General subdivision Economic aspects
-- Developing countries
650 #0 - SUBJECT ADDED ENTRY--TOPICAL TERM
Topical term or geographic name entry element Küreselleşme
General subdivision Ekonomik yönleri
-- Gelişmekte olan ülkeler
650 #0 - SUBJECT ADDED ENTRY--TOPICAL TERM
Topical term or geographic name entry element Developing countries
General subdivision Foreign economic relations
650 #0 - SUBJECT ADDED ENTRY--TOPICAL TERM
Topical term or geographic name entry element Gelişmekte olan ülkeler
General subdivision Dış ekonomik ilişkiler
650 #7 - SUBJECT ADDED ENTRY--TOPICAL TERM
Topical term or geographic name entry element BUSINESS & ECONOMICS / Economic Conditions
Source of heading or term bisacsh
700 1# - ADDED ENTRY--PERSONAL NAME
Personal name Prus, Mark J.
856 40 - ELECTRONIC LOCATION AND ACCESS
Uniform Resource Identifier <a href="http://search.ebscohost.com/login.aspx?direct=true&scope=site&db=e011xww&AN=681536">http://search.ebscohost.com/login.aspx?direct=true&scope=site&db=e011xww&AN=681536</a>
Holdings
Withdrawn status Lost status Source of classification or shelving scheme Damaged status Not for loan Collection code Permanent Location Current Location Date acquired Total Checkouts Full call number Barcode Date last seen Price effective from Koha item type
        Online   Kıbrıs Amerikan Üniversitesi Kütüphanesi / American University of Cyprus Kıbrıs Amerikan Üniversitesi Kütüphanesi / American University of Cyprus 28.10.2020   HF1418.5 .I584 2008 681536 28.10.2020 28.10.2020 E-Kitap
Devinim Yazılım Eğitim Danışmanlık tarafından Koha'nın orjinal sürümü uyarlanarak geliştirilip kurulmuştur.